000 01294nam2a22002891 4500
001 v19\rc\1482618
005 20250618153531.0
035 _a(NLR Aleph) 004615246
090 _a2967396
_c2967396
100 _a20060620d1880 |||y0rusy50 ca
101 0 _arus
102 _aRU
105 _ae z |||||
200 0 _aс октября 1878 года по октябрь 1879 года
210 _d1880
_aБ. м.
215 _aXII, 197 с., 1 л. план
461 0 _1001v19\rc\1482616
_12001#$aОтчет Главного комитета по устройству и образованию войск...$vс октября 1878 года по октябрь 1879 года
_92967372
_aРоссия. Главный комитет по устройству и образованию войск
_cСанкт-Петербург
_d1879-1883
_tОтчет Главного комитета по устройству и образованию войск...
_vс октября 1878 года по октябрь 1879 года
801 0 _aRU
_bNLR
_gpsbo
801 0 _aRU
_bRuMoRGB
_2psbo
801 1 _aRU
_bProSoft-M
_2rusmarc
852 _aNLR
_j18.225.2.23
899 _aRuMoRGB
_jS 7/66
899 _aБАН (1874-1880*)
899 _aНБ СПбГУ
899 _aГПИБ
942 _cBOOK
980 _aNB